01275nam a2200217Ia 4500003000900000008004100009040001600050080002700066111023300093245037200326260006200698300001400760490002400774650004100798650003400839650002600873700003200899942000700931999001500938952010400953IN-BaIIA211028s9999 xx 000 0 eng d cIIA Library a52-14:68.3(082.2)bNRA aWorkshop on the Use of Supercomputers in Observational Astronomy Organised by the National Radio Astronomy Observatory and the Department of Physics and Astronomy of the University of MinnesotacMinneapolisd1985 Nov. 4-6916416 4aThe use of supercomputers in observational astronomybproceedings of a workshop on the use of supercomputers in observational astronomy organised by the National Radio Astronomy Observatory and the Department of Physics and Astronomy of the University of Minnesota held in Minneapolis on November 4-6, 1985cedited by T. J. Cornwell  aWest VirginiabNational Radio Astronomy Observatoryc1988 aiv, 148p. aNRAO workshop no.15 aAstronomy and astrophysics thesaurus aObservational astronomy93292 aSupercomputers915232 aCornwell, T. J., ed.916417 cBK c9710d9710 00104070aBANbBANcGENd0000-00-00l0o52-14:68.3(082.2)/ NRAp10620r2021-11-05w0000-00-00yBK